Excesos
Saved in:
| Hovedforfatter: | |
|---|---|
| Format: | Bog |
| Sprog: | spansk |
| Udgivet: |
Santiago
Random House Mondadori
2004
Santiago Sudamericana 2004 |
| Udgivelse: | 1a. ed |
| Serier: | Narrativas
|
| Fag: | |
| Tags: |
Tilføj Tag
Ingen Tags, Vær først til at tagge denne postø!
|
MARC
| LEADER | 00000nam a2200000 a 4500 | ||
|---|---|---|---|
| 001 | UCK6965 | ||
| 003 | CL-VaPUC | ||
| 008 | 051028e20040000cl |||||||||||||||||spa|d | ||
| 020 | |a 9562622231 | ||
| 082 | 0 | 4 | |a Ch863 |b WAC |2 21 |
| 100 | 0 | |a Wacquez, Mauricio |e author |9 496435 | |
| 245 | 1 | 0 | |a Excesos |
| 250 | |a 1a. ed | ||
| 300 | |a 115 p | ||
| 942 | |c BK | ||
| 945 | |d 20051028 00:00:00 |a cmena | ||
| 260 | |a Santiago |b Random House Mondadori |c 2004 | ||
| 260 | |a Santiago |b Sudamericana |c 2004 | ||
| 650 | 0 | |a Cuentos chilenos |9 308280 | |
| 650 | 0 | |a Literatura chilena |9 308278 | |
| 583 | |a last modification |c 20171211 01:06:53 |k Rodrigo Vera | ||
| 490 | 0 | |a Narrativas | |
| 999 | |c 315059 |d 315057 | ||
| 952 | |0 0 |1 0 |4 0 |6 CH_863_000000000000000_WAC_2004_2004 |7 0 |8 A |9 387962 |a FDOPOS |b FDOPOS |d 2019-11-22 |i 4178394 |o Ch863 WAC 2004 2004 |p 4178394 |r 2025-01-22 |w 2019-11-22 |y BK |k MLH | ||